Historia de la salvación: iniciación bíblica, teológica, litúrgica a la historia de la salvación, catequesis para adultos
Uloženo v:
| Hlavní autor: | |
|---|---|
| Médium: | Kniha |
| Jazyk: | španělština |
| Vydáno: |
Bogotá
Paulinas
1978
|
| Vydání: | 3a. ed |
| Edice: | Colección Biblia y Catequesis, 5
|
| Témata: | |
| Tagy: |
Přidat tag
Žádné tagy, Buďte první, kdo vytvoří štítek k tomuto záznamu!
|
MARC
| LEADER | 00000nam a2200000 a 4500 | ||
|---|---|---|---|
| 001 | UCL1728 | ||
| 003 | CL-VaPUC | ||
| 008 | 030926e19780000CK |||||||||||||||||spa|d | ||
| 082 | 0 | 4 | |a 234 |b VAR |2 21 |
| 100 | 0 | |a Varillon, Francois |e author |9 478554 | |
| 245 | 1 | 0 | |a Historia de la salvación: iniciación bíblica, teológica, litúrgica a la historia de la salvación, catequesis para adultos |
| 250 | |a 3a. ed | ||
| 300 | |a 494 p | ||
| 942 | |c BK | ||
| 945 | |d 20030926 00:00:00 |a rbrito | ||
| 260 | |a Bogotá |b Paulinas |c 1978 | ||
| 650 | 0 | |a Salvación |9 315007 | |
| 650 | 7 | |a EVANGELIZACION |2 CL-VaPUC |9 478555 | |
| 650 | 0 | |a Teología pastoral |9 257832 | |
| 583 | |a last modification |c 20030926 00:00:00 |k Rodrigo Vera | ||
| 490 | 0 | |a Colección Biblia y Catequesis, 5 | |
| 999 | |c 305169 |d 305167 | ||
| 952 | |0 0 |1 0 |4 0 |6 234_000000000000000_VAR_1978 |7 0 |8 A |9 368264 |a BIBTEO |b BIBTEO |d 2019-11-21 |i 2081784 |o 234 VAR 1978 |p 2081784 |r 2025-01-17 |w 2019-11-21 |y BK |k ICR | ||
| 952 | |0 0 |1 2 |4 0 |6 234_000000000000000_VAR_1978 |7 0 |8 A |9 368265 |a BIBTEO |b BIBTEO |d 2019-11-21 |i 2081792 |o 234 VAR 1978 |p 2081792 |r 2019-11-21 |w 2019-11-21 |x Descarte 2019 |y BK |k ICR | ||